000 00701 a2200253 4500
005 20260313112151.0
008 260312b |||||||| |||| 00| 0 eng d
020 _a9789366261140
_cRs .950.00
040 _aMAIN
082 _a576.5072
_bS56F
100 _aSandeep Kumar
110 _a
245 _aFundamentals of statistical genetics
260 _bInternational Books and Periodical Supply Service
_c2025
_aDelhi
300 _axi, 111
650 _aGenetics
650 _aStatistical Methods-Genetics
650 _aPopulations Genetics
650 _aBio Statistics
700 _aYadav, Abhinav
700 _aYadav, Sujit Kumar
700 _aSahoo, Bhaskar Chandra
942 _cBK
999 _c396779
_d396779